Óscar a la Mejor Película - Estadísticas

Estadísticas generales
  • Esta prueba ha sido intentada 5.680 veces
    929 desde el último reinicio
  • La puntuación promedio es 17 de 98
Estadísticas de respuestas
Año Película % Correcto
1998 Titanic
71%
2026 Una batalla tras otra
61%
1973 El Padrino
55%
2024 Oppenheimer
51%
2004 El Señor de los Anillos: El retorno del rey
50%
2020 Parásitos
48%
2025 Anora
43%
2017 Moonlight
40%
1975 El Padrino: Parte II
37%
1995 Forrest Gump
37%
2001 Gladiator (El Gladiador)
35%
2023 Todo a la vez en todas partes
35%
1944 Casablanca
31%
2019 Green Book
31%
1940 Lo que el viento se llevó
31%
2022 CODA
29%
2018 La Forma del Agua
28%
1994 La Lista de Schindler
28%
1960 Ben-Hur
27%
1992 El silencio de los corderos
27%
2021 Nomadland
26%
2015 Birdman o (La inesperada virtud de la ignorancia)
24%
1999 Shakespeare in Love (Shakespeare enamorado)
22%
1977 Rocky
21%
2016 Spotlight
21%
2014 12 Años de esclavitud
20%
2011 El discurso del rey
20%
2005 Million Dollar Baby
20%
2012 The Artist
20%
2000 American Beauty
19%
2013 Argo
19%
1996 Braveheart
19%
2006 Crash: Colisión
18%
2007 Infiltrados
18%
1976 Alguien voló sobre el nido del cuco
17%
2008 No es país para viejos
17%
1986 Memorias de África
16%
2002 Una mente maravillosa
16%
1991 Bailando con Lobos
15%
2003 Chicago
15%
1997 El paciente inglés
15%
1980 Kramer contra Kramer
15%
2009 Slumdog Millionaire ¿Quién quiere ser millonario?
15%
1993 Sin perdón
14%
1985 Amadeus
13%
1978 Annie Hall
13%
1961 El Apartamento
13%
1974 El Golpe
13%
2010 En tierra hostil
13%
1987 Platoon
13%
1966 Sonrisas y lágrimas
13%
1983 Gandhi
12%
1963 Lawrence de Arabia
12%
1989 Rain Man
12%
1929 Alas
11%
1982 Carros de fuego
11%
1979 El Cazador
11%
1990 Paseando a Miss Daisy
11%
1962 West Side Story
11%
1988 El último emperador
10%
1949 Hamlet
10%
1956 Marty
10%
1941 Rebeca
10%
1958 El puente sobre el río Kwai
9%
1951 Eva al desnudo
9%
1981 Gente corriente
9%
1959 Gigi
9%
1971 Patton
9%
1970 Cowboy de medianoche
8%
1972 French Connection: Contra el imperio de la droga
8%
1933 Grand Hotel
8%
1984 La fuerza del cariño
8%
1957 La vuelta al mundo en ochenta días
8%
1965 My Fair Lady
8%
1969 Oliver!
8%
1942 ¡Qué verde era mi valle!
8%
1931 Sin novedad en el frente
8%
1935 Sucedió una noche
8%
1952 Un americano en París
8%
1932 Cimarrón
7%
1954 De aquí a la eternidad
7%
1953 El mayor espectáculo del mundo
7%
1950 El Político
7%
1955 La Ley del Silencio
7%
1964 Tom Jones
7%
1934 Cabalgata
6%
1946 Días sin huella
6%
1968 En el calor de la noche
6%
1930 La melodía de Broadway
6%
1943 La Señora Miniver
6%
1938 La vida de Émile Zola
6%
1947 Los mejores años de nuestra vida
6%
1936 Rebelión a bordo
6%
1945 Siguiendo mi camino
6%
1967 Un hombre para la eternidad
6%
1939 Vive como quieras
6%
1937 El gran Ziegfeld
5%
1948 La barrera invisible
5%
No se encontraron pruebas coincidentes
Distribución de puntuación
Porcentaje de gente con cada puntuación
Porcentaje por número respondido
Historial de tus puntuaciones
No has intentado esta prueba desde el último reinicio